Oggetti più grandi del sistema solare - Statistics

Statistiche generali
  • Questo quiz è stato fatto 115 volte
  • Il punteggio medio è 16 su 35
Risposte nella Mappa
Le risposte nella mappa del quiz sottostante sono codificate secondo una scala di colori dal rosso al verde in base alla % di persone che hanno risposto correttamente.
 
Statistiche sulle risposte
Tipo Raggio medio (km) Risposta % Corretto
Pianeta 6,371.0 Terra
99%
Pianeta 69,911 Giove
97%
Pianeta 3389.5 Marte
97%
Pianeta 2439.4 Mercurio
96%
Pianeta 58,232 Saturno
96%
Pianeta 6,051.8 Venere
96%
Pianeta 25,362 Urano
95%
Satellite Terrestre 1,737.4 Luna
94%
Pianeta Nano 1,188.3 Plutone
91%
Pianeta 24,622 Nettuno
90%
Stella 695,700 Sole
90%
Satellite Gioviano 1,560.8 Europa
68%
Satellite Gioviano 1,821.6 Io
67%
Satellite Gioviano 2,634.1 Ganimede
49%
Satellite Gioviano 2,410.3 Callisto
41%
Satellite Saturniano 2574.7 Titano
40%
Pianeta Nano 469.7 Cerere
33%
Pianeta Nano 1,163 Eris
27%
Pianeta Nano 715 Makemake
22%
Satellite Nettuniano 1,353.4 Tritone
22%
Satellite Plutoniano 606.0 Caronte
18%
Satellite Uraniano 788.4 Titania
17%
Pianeta Nano 798 (ellissoide) Haumea
15%
Satellite Uraniano 578.9 Ariel
14%
Satellite Uraniano 761.4 Oberon
14%
Satellite Saturniano 734.4 Giapeto
13%
Satellite Saturniano 763.5 Rhea
13%
Sednoid ~453 Sedna
13%
Satellite Saturniano 561.4 Dione
12%
Satellite Uraniano 584.7 Umbriel
10%
Pianeta Nano? ~615 Gonggong
4%
Cubewano 543.8 Quaoar
4%
Plutino ~455 Orcus
3%
Cubewano ~419 Salacia
3%
Satellite Saturniano 531.1 Tetide
1%
Nessun quiz corrispondente trovato
Distribuzione punteggi
Percentuale di utenti per punteggio
Percentile per numero di risposta
I tuoi punteggi nel tempo
Non hai fatto questo quiz